Statistiques concernant Enigmes - Combien pourrez-vous en résoudre. #2

Cliquez ici pour prendre le quiz!

Statistiques générales

  • Ce quiz a été pris 542 fois
    (506 depuis la dernière actualisation)
  • Le résultat moyen est 3 sur 6

Statistiques - réponses

Réponse% Correct
17 kilos
78%
87
65%
2
49%
24 ans
36%
HN
16%
Serpent (Cerf-Paon)
6%

Distribution des résultats

Percentile par nombre de réponses

% des personnes avec chaque résultat

Votre développement - résultats

Vous n’avez pas pris ce quiz depuis la dernière actualisation